El diablo sobre las colinas / (Registro nro. 32556)
[ vista simple ]
| 000 -CABECERA | |
|---|---|
| campo fijo de control de longitud | 00737nam a2200229 4500 |
| 001 - NÚMERO DE CONTROL | |
| campo de control | 32556 |
| 003 - IDENTIFICADOR DEL NÚMERO DE CONTROL | |
| campo de control | AR-RoBPED |
| 005 - FECHA Y HORADE LA ULTIMA TRANSACCION | |
| campo de control | 20260413085440.0 |
| 008 - ELEMENTOS DE LONGITUD FIJA--INFORMACION GENERAL | |
| campo fijo de control de longitud | 260410s1971 es ||||er|||| 000 1 spa d |
| 040 ## - FUENTE CATALOGADORA | |
| Centro catalogador/agencia de origen | AR-RoBPED |
| 041 ## - IDIOMA | |
| Código de idioma para texto/pista de sonido o título independiente | spa |
| 100 1# - ENCABEZAMIENTO PRINCIPAL--AUTOR PERSONAL | |
| Nombre de persona | Pavese, Cesare |
| Fechas nac-muerte | 1908-1950 |
| 9 (RLIN) | 6824 |
| 245 13 - TITULO | |
| Título | El diablo sobre las colinas / |
| Mención de responsabilidad | Cesare Pavese; prólogo de José Carlos Mainer Baque |
| 260 ## - PUBLICACION | |
| Lugar | España: |
| Editor | Salvat, |
| Fecha | 1971. |
| 300 ## - DESCRIPCION FISICA | |
| Extensión | 159 p. |
| 490 0# - SERIE | |
| Mención de serie | (Biblioteca Basica Salvat; |
| Designación de volumen o secuencia | N°<81) |
| 650 #4 - TERMINO DE MATERIA--CONTROLADO | |
| Término controlado | LITERATURA ITALIANA |
| 9 (RLIN) | 497 |
| Término controlado | NOVELAS |
| 9 (RLIN) | 25 |
| 700 ## - ENCABEZAMIENTO SECUNDARIO--AUTOR PERSONAL | |
| Nombre de persona | Mainer Baque, José Carlos |
| Fecha de nac-muerte | 1944- |
| 9 (RLIN) | 30649 |
| Función | prol. |
| 942 ## - ELEMENTOS KOHA | |
| Fuente de clasificación | Universal Decimal Classification |
| Número Koha | k. 32556 |
| Koha tipo de ítem | Libro |
| Clasificación | 850-31 |
| Signatura librística | P 31 d |
| Inventario | inv. 42319 |
| 945 ## - PROCESAMIENTO DE LA INFORMACIÓN LOCAL | |
| Catalogador y fecha | mm 10/04/2026 - cd 13/04/2026 |
| Estado retirado | Estado perdido | Fuente de clasificación | Estado dañado | No se presta | Biblioteca propietaria | Biblioteca de reserva | Fecha de adquisición | Procedencia | Total de préstamos | Signatura topográfica completa | Código de barras (nº de inventario) | Fecha visto por última vez | Catalogador y fecha | Tipo de ítem Koha | Nota pública |
|---|---|---|---|---|---|---|---|---|---|---|---|---|---|---|---|
| Universal Decimal Classification | Biblioteca Pedagógica Eudoro Díaz | Biblioteca Pedagógica Eudoro Díaz | 27/03/2026 | donacion | 850-31 P 31 d | 42319 | 10/04/2026 | mm 10/04/2026 | Libro | Se presta 15 días. |